English to Spanish - Asian Countries - Statistics

General Stats
  • This quiz has been taken 18 times
    17 since last reset
  • The average score is 34 of 50
Answer Stats
English Spanish % Correct
China China
100%
Armenia Armenia
88%
North Korea Corea del Norte
88%
South Korea Corea del Sur
88%
Indonesia Indonesia
88%
Iraq Irak
88%
Iran Irán
88%
Israel Israel
88%
Japan Japón
88%
Afghanistan Afganistán
75%
Bangladesh Bangladés
75%
Brunei Brunéi
75%
Bhutan Bután
75%
Cyprus Chipre
75%
Philippines Filipinas
75%
Georgia Georgia
75%
India India
75%
Kuwait Kuwait
75%
Laos Laos
75%
Mongolia Mongolia
75%
Myanmar Myanmar
75%
Nepal Nepal
75%
Oman Omán
75%
Pakistan Pakistán
75%
Palestine Palestina
75%
Russia Rusia
75%
Syria Siria
75%
Sri Lanka Sri Lanka
75%
Taiwan Taiwán
75%
Saudi Arabia Arabia Saudita
63%
Azerbaijan Azerbaiyán
63%
Lebanon Líbano
63%
Malaysia Malasia
63%
Maldives Maldivas
63%
Thailand Tailandia
63%
Turkey Turquía
63%
Bahrain Baréin
50%
Cambodia Camboya
50%
Qatar Catar
50%
Jordan Jordania
50%
Kazakhstan Kazajistán
50%
Timor-Leste Timor Oriental
50%
Turkmenistan Turkmenistán
50%
Uzbekistan Uzbekistán
50%
Vietnam Vietnam
50%
Yemen Yemen
50%
Singapore Singapur
38%
Tajikistan Tayikistán
38%
Kyrgyzstan Kirguistán
25%
United Arab Emirates Emiratos Árabes Unidos
13%
No matching quizzes found
Score Distribution
Percent of People with Each Score
Percentile by Number Answered
Your Score History
You have not taken this quiz since the last reset